Culture Générale - Série 1712 - Statistiques

Statistiques générales
  • Ce quiz a été pris 108 fois
  • Le résultat moyen est 6 sur 10
Statistiques - réponses
Question Réponse % Correct
De quel pays d'Asie l'acupuncture est-elle originaire ? Chine
99%
Quelle est la traduction anglaise de "garde du corps" ? bodyguard
85%
Selon le titre de son film de 1959, combien de coups François Truffaut a-t-il réalisé ? quatre cents
80%
Dans quel sport, Europe et États-Unis s'affrontent-ils lors de la Ryder Cup ? golf
63%
Dans quel pays se trouve le désert Mojave ? États-Unis
59%
Quelle grande compétition sportive, Yvette Horner a-t-elle animée à onze reprises, de 1952 à 1963 ? Le Tour de France
57%
Comment appelle-t-on les habitants de Montauban ? Montalbanais
55%
En 1943, dans quel film de Henri-Georges Clouzot le docteur Rémy Germain reçoit-il des lettres anonymes ? Le Corbeau
45%
Quel est le pays d'origine du groupe de rock Arcade Fire ? Canada
39%
Quel prénom ont en commun les actrices principales de : "Sueurs froides" et de "9 semaines 1/2" ? Kim
37%
Aucun quiz correspondant
Distribution des résultats
% des personnes avec chaque résultat
Percentile par nombre de réponses
Votre historique - résultats
Vous n’avez pas pris ce quiz